000 00405nam a2200169Ia 4500
008 180921t1971 xxu||||| |||| 00| 0 eng d
041 _aeng
080 _a598.9
_bLIO
100 _aGlenys
245 _aBirds of prey
260 _bHamlyn
_aLondon
_c1971
300 _a160p., ill.<6s18 cm
650 _aZoology
_aOrnithology
942 _cBK
999 _c16003
_d16003
003 LK-CoDNM
040 _aLK-CoDNM
_dLK-CoDNM
_eLK-CoDNM